00653nam a2200169Ia 4500008004100000020001800041041000800059082001700067100002300084245015800107250000600265260002900271300001200300650002100312999001900333952013100352210716s2008 xx 000 0 und d a9780749442132 aeng a658.827 GELS aGelder, Sicco Van. aGlobal brand strategy: unlocking brand potential across countries cultures and markets.bUnlocking brand potential across countries cultures and markets. a1 aLondonbKogan Pagec2008 axii,260 aBrand Management c203279d203279 00102ddc40738MBAaAIMITbAIMITd2009-03-02g325.00l0o658.827 GELSpMBA05845r2025-07-21 00:00:00v260.00w2021-07-16yBK